Helen and the stranger / (Record no. 8474)

MARC details
000 -LEADER
fixed length control field 01616nam a22002777a 4500
001 - CONTROL NUMBER
control field 8474
003 - CONTROL NUMBER IDENTIFIER
control field FISKH
005 - DATE AND TIME OF LATEST TRANSACTION
control field 20250915123150.0
008 - FIXED-LENGTH DATA ELEMENTS--GENERAL INFORMATION
fixed length control field 250915b cb ||||| |||| 00| 0 eng d
040 ## - CATALOGING SOURCE
Original cataloging agency FISKH
Language of cataloging eng
Transcribing agency FISKH
Modifying agency FISKH
050 ## - LIBRARY OF CONGRESS CALL NUMBER
Classification number PZ7
082 ## - DEWEY DECIMAL CLASSIFICATION NUMBER
Classification number 362.41
100 ## - MAIN ENTRY--PERSONAL NAME
Personal name Hickok, Lorena A.
245 ## - TITLE STATEMENT
Title Helen and the stranger /
Statement of responsibility, etc. by Lorena A. Hickok ; illustrated by Anthony D'Adamo
250 ## - EDITION STATEMENT
Edition statement This edition published in 1972
260 ## - PUBLICATION, DISTRIBUTION, ETC.
Place of publication, distribution, etc. Chicago :
Name of publisher, distributor, etc. Science Research Associates,
Date of publication, distribution, etc. 1958
300 ## - PHYSICAL DESCRIPTION
Extent 31 pages :
Other physical details color illustrations ;
Dimensions 21 cm
505 ## - FORMATTED CONTENTS NOTE
Formatted contents note R<br/>
520 ## - SUMMARY, ETC.
Summary, etc. This biography tells the story of Helen Keller, who became blind and deaf at 19 months old. Growing up in silence and darkness, she often felt frustrated and threw tantrums. Everything changed when a new teacher, Anne Sullivan, arrived—“the stranger” who entered Helen’s world. Anne patiently taught Helen to communicate through touch and finger spelling, beginning with the famous breakthrough at the water pump, when Helen understood that everything has a name.<br/><br/>The book follows Helen’s struggles and triumphs: learning to read and write, attending school and later college, writing books, and traveling the world to inspire others. It shows Helen’s determination and the life-changing role of her teacher, highlighting themes of courage, perseverance, and the power of education.
521 8# - TARGET AUDIENCE NOTE
Target audience note 660<br/>
Source Lexile estimate<br/>
521 8# - TARGET AUDIENCE NOTE
Target audience note R<br/>
Source Raz-Plus
650 ## - SUBJECT ADDED ENTRY--TOPICAL TERM
Topical term or geographic name entry element Helen Keller
Form subdivision Biography
General subdivision Disabilities
700 ## - ADDED ENTRY--PERSONAL NAME
Personal name D'Adamo, Anthony
Relator term illustrator
942 ## - ADDED ENTRY ELEMENTS (KOHA)
Source of classification or shelving scheme Dewey Decimal Classification
Koha item type Books
Suppress in OPAC No
Holdings
Withdrawn status Lost status Source of classification or shelving scheme Damaged status Not for loan Collection Home library Current library Shelving location Date acquired Total Checkouts Full call number Barcode Date last seen Date last checked out Copy number Price effective from Koha item type
    Dewey Decimal Classification     Non-Fiction Footprints International School Library Network Toul Tom Poung Campus Footprints International School Library Network Toul Tom Poung Campus TTP Primary Orange Bookshelves 09/15/2025 2 HIC 362.41 PZ7 FISBK07127 11/10/2025 09/30/2025 1 09/15/2025 Books